| 000 | 01709nam a2200409Ii 4500 | ||
|---|---|---|---|
| 001 | DIGDEU0101 | ||
| 003 | NyNyDIG | ||
| 006 | m o d | ||
| 007 | cr ||||||||||| | ||
| 008 | 130501s2005 sp ab ob 000 0 spa d | ||
| 020 |
_a9788498307245 _q(eBook) |
||
| 020 | _z9788498300109 | ||
| 020 | _z849830010X | ||
| 035 | _a(OCoLC)857078049 | ||
| 040 |
_aDGITA _beng _epn _cDGITA |
||
| 041 | 0 |
_aspa _abaq |
|
| 043 | _ae-sp--- | ||
| 050 | 1 | 4 | _aDP402.D77 eBook |
| 100 | 1 | _aMujika Ulazia, Nerea | |
| 245 | 1 | 3 |
_aEl pasado reciente de Durango y su comarca (1960-1991) / _cNerea Mujika Ulazia. |
| 264 | 1 |
_aBilbao : _bUniversidad de Deusto, _c2005. |
|
| 300 |
_a1 online resource (316 pages) : _bcol. ill., col. maps |
||
| 336 |
_atext _btxt _2rdacontent |
||
| 337 |
_acomputer _bc _2rdamedia |
||
| 338 |
_aonline resource _bcr _2rdacarrier |
||
| 500 | _a"Resumen de un trabajo mucho más amplio: la tesis doctoral de su autora que, bajo el título "El desarrollo territorial de una comarca central del sistema urbano vasco: Durango y el Alto Ibaizabal (1960-1991)", fue defendida en la Universidad de Deusto en noviembre de 2003 obteniendo la máxima calificación" (p.11) | ||
| 504 | _aIncludes bibliographical references (p. 295-301). | ||
| 546 | _aIntroduction in Spanish and Basque. | ||
| 650 | 0 |
_aEconomic development _xSocial aspects _zSpain _zDurango. |
|
| 651 | 0 |
_aDurango (Spain) _xGeography. |
|
| 655 | 0 | _aElectronic books. | |
| 791 | 2 |
_aDigitalia (Firm), _edistributor. |
|
| 793 | 0 |
_gDigitalia eBook Collection: _aUniversidad de Deusto. |
|
| 856 | 4 | 0 |
_3Digitalia Hispánica _uhttps://www.digitaliapublishing.com/a/17526/ |
| 910 | _aPremium Collection: 2007-2012 | ||
| 942 | _cRAA | ||
| 999 |
_c235430 _d235430 |
||